| 000 | 00000nam 2200000zi 4500 |
| 001 | 9.931110 |
| 003 | CaOODSP |
| 005 | 20250107144059 |
| 006 | m o d f |
| 007 | cr mn||||||||| |
| 008 | 231204e20231204onca obs f000 0 eng d |
| 040 | |aCaOODSP|beng|erda|cCaOODSP |
| 043 | |an-cn--- |
| 045 | |ax7y2 |
| 086 | 1 |aCS75-006/2023-14E-PDF |
| 100 | 1 |aUppal, Sharanjit, |d1969- |eauthor. |
| 245 | 10|aSelf-employment among women in Canada / |cby Sharanjit Uppal. |
| 264 | 1|a[Ottawa] : |bStatistics Canada = Statistique Canada, |cDecember 4, 2023. |
| 264 | 4|c©2023 |
| 300 | |a1 online resource (17 pages) : |bcolour illustrations. |
| 336 | |atext|btxt|2rdacontent |
| 337 | |acomputer|bc|2rdamedia |
| 338 | |aonline resource|bcr|2rdacarrier |
| 490 | 1 |aInsights on Canadian society, |v2291-0840 |
| 500 | |aIssued also in French under title: Le travail autonome chez les femmes au Canada. |
| 500 | |a"Catalogue no. 75-006-X." |
| 504 | |aIncludes bibliographical references (page 17). |
| 520 | |a"This study uses historical data from the Labour Force Survey, from 1976 to 2022, to provide a profile of self-employment among women in Canada, looking at changes in the self-employment rate, type of self-employment and the top occupations among the self-employed. It also uses data from the 2001 and 2021 Censuses of Population to profile self-employment among various population groups"--Overview of the study, page 1. |
| 650 | 0|aSelf-employed women|zCanada|vStatistics. |
| 650 | 0|aSelf-employed|zCanada|vStatistics. |
| 655 | 7|aStatistics|2lcgft |
| 710 | 2 |aStatistics Canada, |eissuing body. |
| 775 | 08|tLe travail autonome chez les femmes au Canada / |w(CaOODSP)9.931111 |
| 775 | 08|tL'attrait de l'école la plus près : |w(CaOODSP)9.933900 |
| 830 | #0|aInsights on Canadian society (Statistics Canada)|w(CaOODSP)9.507406 |
| 856 | 40|qPDF|s573 KB|uhttps://publications.gc.ca/collections/collection_2023/statcan/75-006-x/75-006-2023-14-eng.pdf |
| 856 | 4 |qHTML|sN/A|uhttps://www150.statcan.gc.ca/n1/pub/75-006-x/2023001/article/00014-eng.htm |
| 986 | |a75-006-X |